Learn Performance Management in a Week (Record no. 93189)

MARC details
000 -LEADER
fixed length control field 00616nam a2200229Ia 4500
005 - DATE AND TIME OF LATEST TRANSACTION
control field 20230323111133.0
008 - FIXED-LENGTH DATA ELEMENTS--GENERAL INFORMATION
fixed length control field 230125s9999 xx 000 0 und d
020 ## - INTERNATIONAL STANDARD BOOK NUMBER
International Standard Book Number 978-81-7660-233-4
041 ## - LANGUAGE CODE
Language code of text/sound track or separate title eng
082 ## - DEWEY DECIMAL CLASSIFICATION NUMBER
Classification number 658.3125
Item number GYA
100 ## - MAIN ENTRY--PERSONAL NAME
Author Gyanchandani R
245 ## - TITLE STATEMENT
Title Learn Performance Management in a Week
250 ## - EDITION STATEMENT
Edition statement 1st Ed.
260 ## - PUBLICATION, DISTRIBUTION, ETC.
Date of publication, distribution, etc. 2015
Name of publisher, distributor, etc. Everest Publishing house
Place of publication, distribution, etc. Pune
300 ## - PHYSICAL DESCRIPTION
Extent 148p
500 ## - GENERAL NOTE
Keywords Performance<br/> <br/>
650 ## - SUBJECT ADDED ENTRY--TOPICAL TERM
Topical term or geographic name entry element Performance
700 ## - ADDED ENTRY--PERSONAL NAME
Personal name Gyanchandani R & Badrinarayan S R
942 ## - ADDED ENTRY ELEMENTS (KOHA)
Koha item type Books
906 ## - LOCAL DATA ELEMENT F, LDF (RLIN)
b 43.6
Holdings
Withdrawn status Lost status Damaged status Not for loan Home library Current library Date acquired Vendor Net Price Bill number Total Checkouts Full call number Barcode Date last seen Actual Price Bill Date Koha item type Original Barcode
        Smt. Hiraben Nanavati Institute of Management & Research for Women Smt. Hiraben Nanavati Institute of Management & Research for Women 28/10/2014 Everest publisher 145.00 12571   658.3125 GYA B12943 HIMR-BK-12943 25/01/2023 101.40 01/10/2014 Books B12943
        Smt. Hiraben Nanavati Institute of Management & Research for Women Smt. Hiraben Nanavati Institute of Management & Research for Women 28/10/2014 Everest publisher 145.00 12571   658.3125 GYA B12944 HIMR-BK-12944 25/01/2023 101.40 01/10/2014 Books B12944
        Smt. Hiraben Nanavati Institute of Management & Research for Women Smt. Hiraben Nanavati Institute of Management & Research for Women 28/10/2014 Everest publisher 145.00 12571   658.3125 GYA B12945 HIMR-BK-12945 25/01/2023 101.40 01/10/2014 Books B12945
        Smt. Hiraben Nanavati Institute of Management & Research for Women Smt. Hiraben Nanavati Institute of Management & Research for Women 28/10/2014 Everest publisher 145.00 12571   658.3125 GYA B12946 HIMR-BK-12946 25/01/2023 101.40 01/10/2014 Books B12946
        Smt. Hiraben Nanavati Institute of Management & Research for Women Smt. Hiraben Nanavati Institute of Management & Research for Women 28/10/2014 Everest publisher 145.00 12571   658.3125 GYA B12947 HIMR-BK-12947 25/01/2023 101.40 01/10/2014 Books B12947